[Event "36th Zalakaros Festival 2017"]
[Site "Zalakaros"]
[Date "2017.05.25"]
[Round "8"]
[White "Hnydiuk, Aleksander"]
[Black "Tate, Alan"]
[Result "1-0"]
[WhiteElo "2390"]
[BlackElo "2320"]
[Annotator "NA"]
[PlyCount "57"]
[EventDate "2017.??.??"]
[EventType "swiss"]
[EventCountry "HUN"]
[SourceTitle "playchess.com"]
[Source "ChessBase"]
[SourceQuality "1"]
[TimeControl "40/5400+30:1800+30"]

1. Nf3 {[%emt 0:05:57]} d5 {[%emt 0:00:41]} 2. d4 {[%emt 0:01:26]} Nf6 {[%emt 0:00:23]} 3. c4 {[%emt 0:00:05]} e6 {[%emt 0:00:30]} 4. g3 {[%emt 0:00:07]} Bb4+ {[%emt 0:00:11]} 5. Bd2 {[%emt 0:00:04]} Bd6 {[%emt 0:00:06]} 6. Qc2 {[%emt 0:01:00]} c6 {[%emt 0:00:55]} 7. Nc3 {[%emt 0:00:17]} O-O {[%emt 0:14:54]} 8. e4 {[%emt 0:00:19]} Nxe4 {[%emt 0:04:19]} 9. Nxe4 {[%emt 0:00:05]} dxe4 {[%emt 0:00:02]} 10. Qxe4 {[%emt 0:00:06]} f5 {[%emt 0:00:08]} 11. Qc2 {[%emt 0:02:09]} c5 {[%emt 0:04:39]} 12. O-O-O {[%emt 0:01:20]} Nc6 {[%emt 0:04:30]} 13. Bc3 {[%emt 0:08:40]} Qb6 {[%emt 0:05:35]} 14. Bg2 {[%emt 0:00:54]} a5 {[%emt 0:09:36]} 15. Kb1 {[%emt 0:01:52]} Nb4 {[%emt 0:12:46]} 16. Qd2 {[%emt 0:11:17]} Qa6 {[%emt 0:08:46]} 17. b3 {[%emt 0:00:41]} Qc6 {[%emt 0:02:07]} 18. d5 {[%emt 0:08:43]} exd5 {[%emt 0:03:24]} 19. Bxb4 {[%emt 0:00:20]} d4 {[%emt 0:01:58]} 20. Nh4 {[%emt 0:02:35]} Qb6 {[%emt 0:05:58]} 21. Bd5+ {[%emt 0:00:13]} Rf7 {[%emt 0:00:03]} 22. Ba3 {[%emt 0:01:35]} f4 {[%emt 0:03:52]} 23. Rhe1 {[%emt 0:01:16]} g5 {[%emt 0:00:24]} 24. Nf3 {[%emt 0:00:27]} Bf5+ {[%emt 0:00:34]} 25. Ka1 {[%emt 0:00:18]} a4 {[%emt 0:00:35]} 26. b4 {[%emt 0:00:24]} cxb4 {[%emt 0:00:24]} 27. Bb2 {[%emt 0:00:03]} a3 {[%emt 0:02:56]} 28. Bxd4 {[%emt 0:00:20]} Qd8 {[%emt 0:02:06]} 29. Ne5 {[%emt 0:00:40]} 1-0

[Event "36th Zalakaros Festival 2017"]
[Site "Zalakaros"]
[Date "2017.05.25"]
[Round "8"]
[White "Hemant, Sharma"]
[Black "Gazik, Igor"]
[Result "1-0"]
[WhiteElo "2380"]
[BlackElo "2292"]
[Annotator "NA"]
[PlyCount "131"]
[EventDate "2017.??.??"]
[EventType "swiss"]
[EventCountry "HUN"]
[SourceTitle "playchess.com"]
[Source "ChessBase"]
[SourceQuality "1"]
[TimeControl "40/5400+30:1800+30"]

1. Nf3 {[%emt 0:00:03]} d6 {[%emt 0:02:53]} 2. g3 {[%emt 0:00:47]} e5 {[%emt 0:00:21]} 3. d3 {[%emt 0:00:19]} g6 {[%emt 0:00:33]} 4. Bg2 {[%emt 0:00:08]} Bg7 {[%emt 0:00:05]} 5. c4 {[%emt 0:01:02]} f5 {[%emt 0:00:55]} 6. Nc3 {[%emt 0:00:40]} c6 {[%emt 0:00:32]} 7. Rb1 {[%emt 0:03:25]} Nf6 {[%emt 0:01:02]} 8. b4 {[%emt 0:01:50]} O-O {[%emt 0:03:41]} 9. O-O {[%emt 0:00:53]} h6 {[%emt 0:06:33]} 10. b5 {[%emt 0:12:29]} c5 {[%emt 0:09:36]} 11. Ne1 {[%emt 0:07:47]} Nh5 {[%emt 0:43:32]} 12. Nd5 {[%emt 0:02:01]} f4 {[%emt 0:03:49]} 13. e3 {[%emt 0:00:37]} fxg3 {[%emt 0:00:33]} 14. fxg3 {[%emt 0:01:59]} Rxf1+ {[%emt 0:00:15]} 15. Kxf1 {[%emt 0:03:37]} Nf6 {[%emt 0:01:17]} 16. Nxf6+ {[%emt 0:03:59]} Qxf6+ {[%emt 0:02:46]} 17. Kg1 {[%emt 0:00:11]} Nd7 {[%emt 0:00:12]} 18. Nf3 {[%emt 0:03:16]} Qe7 {[%emt 0:02:55]} 19. Nh4 {[%emt 0:02:18]} Nf8 {[%emt 0:00:39]} 20. Be4 {[%emt 0:00:55]} Kh7 {[%emt 0:01:57]} 21. Qh5 {[%emt 0:01:53]} Qg5 {[%emt 0:00:12]} 22. Qf3 {[%emt 0:00:36]} Qe7 {[%emt 0:05:59]} 23. Bd2 {[%emt 0:03:22]} Bf6 {[%emt 0:02:12]} 24. Qh5 {[%emt 0:23:17]} Bxh4 {[%emt 0:00:16]} 25. gxh4 {[%emt 0:00:02]} Kg7 {[%emt 0:01:15]} 26. Qf3 {[%emt 0:00:01]} h5 {[%emt 0:01:55]} 27. Rf1 {[%emt 0:02:07]} Bg4 {[%emt 0:01:14]} 28. Qg2 {[%emt 0:00:01]} Rb8 {[%emt 0:00:13]} 29. h3 {[%emt 0:00:07]} Be6 {[%emt 0:00:43]} 30. Qg3 {[%emt 0:01:05]} Bf7 {[%emt 0:01:34]} 31. Bc3 {[%emt 0:00:11]} Nd7 {[%emt 0:00:50]} 32. Rf5 {[%emt 0:02:07]} Nf6 {[%emt 0:02:26]} 33. Bg2 {[%emt 0:00:13]} Re8 {[%emt 0:02:21]} 34. Rf2 {[%emt 0:01:24]} Bg8 {[%emt 0:00:58]} 35. Kh2 {[%emt 0:01:33]} Be6 {[%emt 0:00:34]} 36. a4 {[%emt 0:00:37]} b6 {[%emt 0:00:29]} 37. Bc6 {[%emt 0:01:26]} Bd7 {[%emt 0:00:18]} 38. Rg2 {[%emt 0:00:25]} Qf7 {[%emt 0:00:22]} 39. Bf3 {[%emt 0:00:22]} Re7 {[%emt 0:00:59]} 40. e4 {[%emt 0:00:00]} Re8 {[%emt 0:00:16]} 41. Bd2 {[%emt 0:01:03]} Rf8 {[%emt 0:03:08]} 42. Be2 {[%emt 0:02:49]} Be8 {[%emt 0:02:31]} 43. Kg1 {[%emt 0:02:18]} Kh7 {[%emt 0:07:38]} 44. Rf2 {[%emt 0:02:59]} Qg7 {[%emt 0:00:12]} 45. Rf1 {[%emt 0:00:13]} a5 {[%emt 0:06:20]} 46. bxa6 {[%emt 0:02:22]} Bxa4 {[%emt 0:00:01]} 47. Qg5 {[%emt 0:00:27]} Nd7 {[%emt 0:06:38]} 48. Ra1 {[%emt 0:00:25]} Bc6 {[%emt 0:00:07]} 49. Be3 {[%emt 0:00:54]} Ra8 {[%emt 0:00:36]} 50. Kh2 {[%emt 0:03:05]} Kh8 {[%emt 0:05:32]} 51. Rg1 {[%emt 0:06:13]} Rxa6 {[%emt 0:00:05]} 52. Bxh5 {[%emt 0:00:07]} Nf8 {[%emt 0:00:46]} 53. Rg2 {[%emt 0:06:34]} Be8 {[%emt 0:01:12]} 54. Qd8 {[%emt 0:00:36]} Bf7 {[%emt 0:02:11]} 55. Qxd6 {[%emt 0:00:46]} Ra3 {[%emt 0:00:28]} 56. Bg5 {[%emt 0:00:37]} Kh7 {[%emt 0:00:40]} 57. Bg4 {[%emt 0:00:17]} Bg8 {[%emt 0:01:11]} 58. Rf2 {[%emt 0:00:15]} Ra8 {[%emt 0:00:08]} 59. Bf6 {[%emt 0:01:05]} Qf7 {[%emt 0:00:26]} 60. Kg2 {[%emt 0:00:35]} Ne6 {[%emt 0:00:39]} 61. Bxe5 {[%emt 0:00:32]} Qe8 {[%emt 0:00:20]} 62. Qxb6 {[%emt 0:01:18]} Rd8 {[%emt 0:00:22]} 63. Rf6 {[%emt 0:01:34]} Ng7 {[%emt 0:00:55]} 64. Qc7 {[%emt 0:00:29]} Rxd3 {[%emt 0:00:35]} 65. Rf2 {[%emt 0:00:20]} Rd7 {[%emt 0:00:30]} 66. Bxd7 {[%emt 0:00:09]} 1-0

[Event "36th Zalakaros Festival 2017"]
[Site "Zalakaros"]
[Date "2017.05.25"]
[Round "8"]
[White "Lazarne Vajda, Szidonia"]
[Black "Pujari, Rucha"]
[Result "1/2-1/2"]
[WhiteElo "2357"]
[BlackElo "2203"]
[Annotator "NA"]
[PlyCount "74"]
[EventDate "2017.??.??"]
[EventType "swiss"]
[EventCountry "HUN"]
[SourceTitle "playchess.com"]
[Source "ChessBase"]
[SourceQuality "1"]
[TimeControl "40/5400+30:1800+30"]

1. e4 {[%emt 0:00:03]} e5 {[%emt 0:03:03]} 2. Nf3 {[%emt 0:00:58]} Nc6 {[%emt 0:00:46]} 3. Bc4 {[%emt 0:01:41]} Nf6 {[%emt 0:00:52]} 4. d4 {[%emt 0:00:45]} exd4 {[%emt 0:00:51]} 5. e5 {[%emt 0:00:15]} Ng4 {[%emt 0:00:38]} 6. O-O {[%emt 0:00:44]} d6 {[%emt 0:12:05]} 7. exd6 {[%emt 0:01:47]} Bxd6 {[%emt 0:02:45]} 8. Re1+ {[%emt 0:00:26]} Kf8 {[%emt 0:01:14]} 9. Nbd2 {[%emt 0:01:31]} Nge5 {[%emt 0:05:19]} 10. h3 {[%emt 0:01:18]} h6 {[%emt 0:05:46]} 11. b3 {[%emt 0:08:26]} Qf6 {[%emt 0:30:59]} 12. Nxe5 {[%emt 0:14:10]} Nxe5 {[%emt 0:02:02]} 13. Ne4 {[%emt 0:17:37]} Qg6 {[%emt 0:01:42]} 14. Nxd6 {[%emt 0:00:31]} Bxh3 {[%emt 0:01:47]} 15. Bd5 {[%emt 0:00:26]} cxd6 {[%emt 0:06:20]} 16. Ba3 {[%emt 0:08:26]} Kg8 {[%emt 0:04:56]} 17. Bxb7 {[%emt 0:07:15]} Rd8 {[%emt 0:10:27]} 18. Be4 {[%emt 0:05:27]} f5 {[%emt 0:03:03]} 19. Bd5+ {[%emt 0:00:07]} Kh7 {[%emt 0:00:02]} 20. f4 {[%emt 0:05:07]} Bg4 {[%emt 0:03:58]} 21. Qd2 {[%emt 0:07:19]} Nf3+ {[%emt 0:00:12]} 22. Bxf3 {[%emt 0:00:10]} Bxf3 {[%emt 0:00:04]} 23. Bb2 {[%emt 0:00:09]} Rhe8 {[%emt 0:01:49]} 24. Qf2 {[%emt 0:01:34]} Be4 {[%emt 0:00:34]} 25. Bxd4 {[%emt 0:00:17]} Rc8 {[%emt 0:00:30]} 26. c3 {[%emt 0:00:27]} Bb7 {[%emt 0:01:10]} 27. Rad1 {[%emt 0:03:21]} a6 {[%emt 0:00:01]} 28. c4 {[%emt 0:00:56]} Rxe1+ {[%emt 0:00:48]} 29. Rxe1 {[%emt 0:00:06]} Re8 {[%emt 0:00:08]} 30. Rxe8 {[%emt 0:04:12]} Qxe8 {[%emt 0:00:02]} 31. Qg3 {[%emt 0:00:45]} g6 {[%emt 0:00:16]} 32. Qe3 {[%emt 0:01:20]} Qxe3+ {[%emt 0:01:33]} 33. Bxe3 {[%emt 0:00:04]} Be4 {[%emt 0:00:41]} 34. b4 {[%emt 0:01:30]} Bd3 {[%emt 0:00:17]} 35. c5 {[%emt 0:00:25]} dxc5 {[%emt 0:00:02]} 36. bxc5 {[%emt 0:01:30]} Be4 {[%emt 0:00:06]} 37. g3 {[%emt 0:00:11]} Kg7 {[%emt 0:00:22]} 1/2-1/2

[Event "36th Zalakaros Festival 2017"]
[Site "Zalakaros"]
[Date "2017.05.25"]
[Round "8"]
[White "Ivic, Velimir"]
[Black "Livaic, Leon"]
[Result "0-1"]
[WhiteElo "2345"]
[BlackElo "2464"]
[Annotator "TA"]
[PlyCount "42"]
[EventDate "2017.??.??"]
[EventType "swiss"]
[EventCountry "HUN"]
[SourceTitle "playchess.com"]
[Source "ChessBase"]
[SourceQuality "1"]

{[%evp 21,42,8,8,8,0,6,17,6,33,24,25,25,31,30,28,-239,-226,-348,-346,-375,-368,-376,-368]} 1. e4 c5 2. Nf3 d6 3. Bb5+ Nd7 4. d4 cxd4 5. Qxd4 a6 6. Bxd7+ Bxd7 7. c4 {B51: Sicilian: Moscow Variation (3 Bb5+) without 3...Bd7} Nf6 8. Bg5 e6 9. Nc3 Be7 10. O-O O-O 11. Rfd1 Bc6 {LiveBook: 4 Games} 12. Qd3 Rc8 13. Nd4 {[#]} Qa5 $146 ({Predecessor:} 13... Qc7 14. Rac1 Bd7 15. b3 Rfd8 16. h3 {0-1 (75) Yakubboev,N (2422)-Salem,A (2625) Tashkent 2016}) 14. Bd2 {Black should prevent Nd5.} Qc7 15. Rac1 Bd7 16. b3 Rfd8 17. Qe2 Qb8 18. Bf4 $2 {[%mdl 8192] [#]} (18. a4 $11 {and White stays safe.}) 18... e5 $19 {[%cal Be6e5,Be5f4][%mdl 32]} 19. Nf5 (19. Be3 {might work better.} exd4 20. Bxd4) 19... Bxf5 $1 20. exf5 exf4 21. Qxe7 {[#]} Re8 $1 {Precision: White = 57%, Black = 85%.} 0-1

[Event "36th Zalakaros Festival 2017"]
[Site "Zalakaros"]
[Date "2017.05.25"]
[Round "8"]
[White "Rapport, Jovana"]
[Black "Banzea, Alexandru-Bogdan"]
[Result "1/2-1/2"]
[WhiteElo "2334"]
[BlackElo "2278"]
[Annotator "NA"]
[PlyCount "120"]
[EventDate "2017.??.??"]
[EventType "swiss"]
[EventCountry "HUN"]
[SourceTitle "playchess.com"]
[Source "ChessBase"]
[SourceQuality "1"]
[TimeControl "40/5400+30:1800+30"]

1. d4 {[%emt 0:00:07]} Nf6 {[%emt 0:00:41]} 2. Nc3 {[%emt 0:00:10]} d5 {[%emt 0:00:14]} 3. Bf4 {[%emt 0:00:06]} g6 {[%emt 0:00:18]} 4. Nb5 {[%emt 0:00:16]} Na6 {[%emt 0:00:09]} 5. e3 {[%emt 0:00:22]} Bg7 {[%emt 0:00:41]} 6. h3 {[%emt 0:00:09]} O-O {[%emt 0:00:57]} 7. Nf3 {[%emt 0:00:07]} c6 {[%emt 0:06:00]} 8. Nc3 {[%emt 0:00:14]} c5 {[%emt 0:04:06]} 9. Bxa6 {[%emt 0:00:36]} bxa6 {[%emt 0:00:15]} 10. Be5 {[%emt 0:01:20]} cxd4 {[%emt 0:15:08]} 11. exd4 {[%emt 0:01:14]} Bf5 {[%emt 0:01:41]} 12. O-O {[%emt 0:00:19]} Ne4 {[%emt 0:00:58]} 13. Ne2 {[%emt 0:11:18]} Rc8 {[%emt 0:05:42]} 14. Nc1 {[%emt 0:11:24]} Qb6 {[%emt 0:05:37]} 15. Nb3 {[%emt 0:02:33]} Nd6 {[%emt 0:05:23]} 16. c3 {[%emt 0:00:20]} Nc4 {[%emt 0:00:27]} 17. Bxg7 {[%emt 0:03:08]} Kxg7 {[%emt 0:00:11]} 18. Qe2 {[%emt 0:00:04]} a5 {[%emt 0:12:38]} 19. Ne5 {[%emt 0:00:56]} a4 {[%emt 0:10:47]} 20. Nc5 {[%emt 0:22:04]} Qxb2 {[%emt 0:08:53]} 21. Qxb2 {[%emt 0:00:06]} Nxb2 {[%emt 0:00:05]} 22. g4 {[%emt 0:00:05]} Be6 {[%emt 0:00:10]} 23. a3 {[%emt 0:05:02]} Rxc5 {[%emt 0:06:37]} 24. dxc5 {[%emt 0:00:06]} f6 {[%emt 0:00:04]} 25. Rab1 {[%emt 0:08:08]} fxe5 {[%emt 0:01:00]} 26. Rxb2 {[%emt 0:00:03]} Rc8 {[%emt 0:00:15]} 27. Re1 {[%emt 0:06:36]} Kf6 {[%emt 0:03:12]} 28. Rb5 {[%emt 0:01:44]} h5 {[%emt 0:01:29]} 29. f3 {[%emt 0:00:29]} hxg4 {[%emt 0:00:57]} 30. hxg4 {[%emt 0:00:04]} Bd7 {[%emt 0:01:39]} 31. Ra5 {[%emt 0:00:49]} Be8 {[%emt 0:00:07]} 32. Rb1 {[%emt 0:03:02]} e6 {[%emt 0:02:04]} 33. Kf2 {[%emt 0:08:32]} g5 {[%emt 0:01:56]} 34. Ke3 {[%emt 0:10:48]} a6 {[%emt 0:00:34]} 35. Rb6 {[%emt 0:00:41]} Bb5 {[%emt 0:00:22]} 36. c6 {[%emt 0:03:16]} Ke7 {[%emt 0:01:07]} 37. Raxa6 {[%emt 0:00:47]} Bxa6 {[%emt 0:00:29]} 38. Rxa6 {[%emt 0:00:02]} Kd6 {[%emt 0:00:39]} 39. Rxa4 {[%emt 0:00:39]} Rxc6 {[%emt 0:00:08]} 40. Kd3 {[%emt 0:00:00]} Kc5 {[%emt 0:02:48]} 41. Ra8 {[%emt 0:01:29]} Rc7 {[%emt 0:02:24]} 42. a4 {[%emt 0:01:06]} Rf7 {[%emt 0:00:49]} 43. Ke3 {[%emt 0:01:29]} Rf4 {[%emt 0:11:44]} 44. Ra5+ {[%emt 0:10:16]} Kc4 {[%emt 0:05:19]} 45. Ra6 {[%emt 0:00:09]} Kxc3 {[%emt 0:00:41]} 46. Rxe6 {[%emt 0:03:02]} d4+ {[%emt 0:09:33]} 47. Ke2 {[%emt 0:01:01]} d3+ {[%emt 0:00:06]} 48. Ke3 {[%emt 0:00:19]} Rd4 {[%emt 0:00:14]} 49. Rc6+ {[%emt 0:01:33]} Kb3 {[%emt 0:00:37]} 50. Kd2 {[%emt 0:00:44]} Kxa4 {[%emt 0:06:34]} 51. Rc5 {[%emt 0:01:21]} Rf4 {[%emt 0:00:05]} 52. Ke3 {[%emt 0:03:57]} Rd4 {[%emt 0:00:26]} 53. Kd2 {[%emt 0:00:12]} Rf4 {[%emt 0:00:05]} 54. Rxe5 {[%emt 0:01:11]} Rxf3 {[%emt 0:00:08]} 55. Rxg5 {[%emt 0:00:01]} Kb4 {[%emt 0:00:10]} 56. Rf5 {[%emt 0:01:55]} Rxf5 {[%emt 0:00:21]} 57. gxf5 Kc5 {[%emt 0:00:06]} 58. Kxd3 {[%emt 0:00:05]} Kd5 {[%emt 0:00:04]} 59. Kc3 {[%emt 0:00:03]} Ke5 {[%emt 0:00:05]} 60. Kb3 {[%emt 0:00:04]} Kxf5 {[%emt 0:00:05]} 1/2-1/2

[Event "36th Zalakaros Festival 2017"]
[Site "Zalakaros"]
[Date "2017.05.25"]
[Round "8"]
[White "Tica, Sven"]
[Black "Ugroczky, Peter"]
[Result "1-0"]
[WhiteElo "2332"]
[BlackElo "2185"]
[Annotator "NA"]
[PlyCount "47"]
[EventDate "2017.??.??"]
[EventType "swiss"]
[EventCountry "HUN"]
[SourceTitle "playchess.com"]
[Source "ChessBase"]
[SourceQuality "1"]
[TimeControl "40/5400+30:1800+30"]

1. d4 {[%emt 0:00:03]} d5 {[%emt 0:00:45]} 2. c4 {[%emt 0:00:04]} e6 {[%emt 0:00:08]} 3. Nf3 {[%emt 0:00:03]} Nf6 {[%emt 0:00:06]} 4. g3 {[%emt 0:00:03]} Be7 {[%emt 0:00:38]} 5. Bg2 {[%emt 0:00:04]} O-O {[%emt 0:00:14]} 6. O-O {[%emt 0:00:04]} c6 {[%emt 0:00:12]} 7. Qc2 {[%emt 0:00:03]} Nbd7 {[%emt 0:00:39]} 8. Nbd2 {[%emt 0:00:05]} b6 {[%emt 0:00:29]} 9. e4 {[%emt 0:00:04]} Ba6 10. b3 {[%emt 0:00:06]} Rc8 {[%emt 0:00:57]} 11. Bb2 {[%emt 0:00:06]} c5 {[%emt 0:00:38]} 12. exd5 exd5 {[%emt 0:00:07]} 13. Rfd1 {[%emt 0:00:06]} Qc7 {[%emt 0:04:43]} 14. cxd5 {[%emt 0:08:44]} Nxd5 {[%emt 0:02:28]} 15. Qf5 {[%emt 0:00:36]} N5f6 {[%emt 0:08:33]} 16. d5 {[%emt 0:07:16]} b5 {[%emt 0:04:16]} 17. Ng5 {[%emt 0:03:49]} g6 {[%emt 0:05:53]} 18. Qh3 {[%emt 0:01:04]} h5 {[%emt 0:00:45]} 19. d6 {[%emt 0:21:09]} Qxd6 {[%emt 0:08:58]} 20. Nde4 {[%emt 0:00:27]} Qc7 {[%emt 0:00:35]} 21. Ne6 {[%emt 0:00:24]} Qb6 {[%emt 0:10:54]} 22. Nxf8 {[%emt 0:00:36]} Nxf8 {[%emt 0:00:49]} 23. Rd6 {[%emt 0:00:25]} Rc6 {[%emt 0:03:11]} 24. Rxc6 {[%emt 0:00:33]} 1-0

[Event "36th Zalakaros Festival 2017"]
[Site "Zalakaros"]
[Date "2017.05.25"]
[Round "8"]
[White "Paszewski, Mateusz"]
[Black "Marosi, Levente"]
[Result "1-0"]
[WhiteElo "2327"]
[BlackElo "2286"]
[Annotator "NA"]
[PlyCount "69"]
[EventDate "2017.??.??"]
[EventType "swiss"]
[EventCountry "HUN"]
[SourceTitle "playchess.com"]
[Source "ChessBase"]
[SourceQuality "1"]
[TimeControl "40/5400+30:1800+30"]

1. e4 {[%emt 0:00:01]} c5 {[%emt 0:04:36]} 2. Nf3 {[%emt 0:00:07]} d6 {[%emt 0:00:28]} 3. d4 {[%emt 0:00:02]} cxd4 {[%emt 0:00:10]} 4. Nxd4 {[%emt 0:00:02]} Nf6 {[%emt 0:00:06]} 5. Nc3 {[%emt 0:00:02]} a6 {[%emt 0:00:12]} 6. Be3 {[%emt 0:00:03]} e5 {[%emt 0:00:13]} 7. Nb3 {[%emt 0:00:01]} Be6 {[%emt 0:00:21]} 8. h3 {[%emt 0:00:03]} Nc6 {[%emt 0:10:27]} 9. Qf3 {[%emt 0:00:35]} Rc8 {[%emt 0:12:11]} 10. O-O-O {[%emt 0:07:19]} Nb4 {[%emt 0:12:06]} 11. Kb1 {[%emt 0:03:03]} b5 {[%emt 0:00:23]} 12. a3 {[%emt 0:23:33]} Nc6 {[%emt 0:15:01]} 13. Nd5 {[%emt 0:15:18]} Bxd5 {[%emt 0:05:54]} 14. exd5 {[%emt 0:11:27]} e4 {[%emt 0:05:51]} 15. Qe2 {[%emt 0:00:53]} Ne5 {[%emt 0:00:34]} 16. Bd4 {[%emt 0:00:45]} Be7 {[%emt 0:06:38]} 17. Bxe5 {[%emt 0:08:36]} dxe5 {[%emt 0:01:01]} 18. g4 {[%emt 0:00:01]} O-O {[%emt 0:04:50]} 19. Bg2 {[%emt 0:00:58]} Rc4 {[%emt 0:01:33]} 20. g5 {[%emt 0:08:25]} Ne8 {[%emt 0:00:42]} 21. h4 {[%emt 0:01:07]} f5 {[%emt 0:03:21]} 22. gxf6 {[%emt 0:01:11]} Nxf6 {[%emt 0:00:02]} 23. Bh3 {[%emt 0:00:21]} Bd6 {[%emt 0:00:43]} 24. Rhg1 {[%emt 0:03:01]} Kh8 {[%emt 0:01:07]} 25. Be6 {[%emt 0:00:22]} g6 {[%emt 0:03:01]} 26. Qe3 {[%emt 0:05:52]} Qc7 {[%emt 0:06:33]} 27. Rc1 {[%emt 0:02:39]} Kg7 {[%emt 0:03:39]} 28. Rg5 {[%emt 0:02:43]} Nh5 {[%emt 0:01:14]} 29. Rxh5 {[%emt 0:01:57]} gxh5 {[%emt 0:00:03]} 30. Rg1+ {[%emt 0:00:27]} Kh8 {[%emt 0:00:01]} 31. Qg5 {[%emt 0:00:44]} h6 {[%emt 0:00:47]} 32. Qxh5 {[%emt 0:00:01]} Rf6 {[%emt 0:01:57]} 33. Qe8+ {[%emt 0:01:32]} Bf8 {[%emt 0:00:34]} 34. Rg8+ {[%emt 0:00:14]} Kh7 {[%emt 0:00:01]} 35. Rxf8 {[%emt 0:00:11]} 1-0

[Event "36th Zalakaros Festival 2017"]
[Site "Zalakaros"]
[Date "2017.05.25"]
[Round "8"]
[White "Borsos, Bogdan"]
[Black "Munkhgal, Gombosuren"]
[Result "0-1"]
[WhiteElo "2321"]
[BlackElo "2445"]
[Annotator "TA"]
[PlyCount "133"]
[EventDate "2017.??.??"]
[EventType "swiss"]
[EventCountry "HUN"]
[SourceTitle "playchess.com"]
[Source "ChessBase"]
[SourceQuality "1"]

{[%evp 24,133,17,22,38,36,24,29,91,50,60,0,0,-13,-14,-13,0,0,0,-45,-50,-43,-35,-24,-40,-64,-16,-64,-54,-87,47,38,40,24,14,12,23,25,23,31,40,11,64,0,70,-162,-146,-162,-131,-162,-125,-114,0,0,0,-22,-25,-71,-28,-47,0,-159,-157,-396,-399,-616,-450,-525,-472,-711,-692,-662,-651,-716,-679,-861,-853,-851,-695,-642,-670,-663,-660,-663,-655,-641,-607,-585,-572,-553,-506,-29965,-29965,-29964,-29965,-29967,-29969,-29968,-29963,-4698,-598,-1615,-1352,-29984,-29985,-29986,-29987,-29989,-29990,-29990,-29991,-29991]} 1. d4 Nf6 2. c4 e6 3. Nc3 Bb4 4. e3 c5 5. Bd3 Nc6 6. Nge2 d5 7. cxd5 exd5 8. O-O O-O 9. a3 Bxc3 10. bxc3 Re8 11. f3 b6 12. Ng3 Bb7 13. Ra2 {LiveBook: 18 Games. E49: Nimzo-Indian: Rubinstein: 5 Bd3 d5 6 a3 Bxc3+ 7 bxc3} Na5 (13... Rc8 14. Re2 cxd4 15. cxd4 Na5 16. Kh1 h5 17. Ree1 Nc4 18. Qb3 Rc7 19. Qa2 Nd6 20. Rf2 Qc8 21. Rc2 Rxc2 22. Bxc2 {1-0 (69) Aleksandrov,A (2607)-Prasanna Raghuram,R (2424) Mumbai 2015}) 14. Re2 Rc8 15. Nf5 {White has an edge.} cxd4 (15... Nc6 $11) 16. cxd4 Nc4 $146 ({Predecessor:} 16... g6 17. Ng3 h5 18. Qe1 Rc7 19. Bb2 Rce7 20. Nh1 Re6 21. Nf2 {0-1 (47) Moutousis,K (2437)-Mastrovasilis,A (2345) Athens 1999}) 17. g4 (17. Qe1 $14) 17... g6 $11 18. Ng3 Re6 19. h4 Qd6 20. Kf2 Nxa3 21. h5 Nc4 22. Rg1 Ree8 23. Rh1 Nd7 24. Qf1 Nf8 25. Qh3 Rc7 26. Rg1 Bc8 {[#]} (26... Kh8 $17 27. Ra2 a5) 27. Nf5 $1 $14 {[%mdl 512]} Qf6 (27... gxf5 28. gxf5+) 28. Qg3 (28. Qh2 {looks sharper.} Bxf5 29. gxf5 Rc6 30. f4 Rd8 31. hxg6 hxg6 32. fxg6 fxg6 33. Kf1) 28... Bxf5 29. gxf5 Rc6 30. fxg6 fxg6 31. hxg6 hxg6 32. Rh1 Re7 ({Black should try} 32... Nd6 $11) 33. Ree1 ({Better is} 33. Rh5 $1 $14) 33... b5 ({Black should play} 33... Nd6 $11) 34. Qb8 $2 (34. Rh5 $1 $14 {stays ahead.}) 34... Nd6 $1 $19 35. Ba3 {[#] Hoping for Bxd6.} Rb7 $1 {[%cal Rb7b8]} 36. Bxd6 ({Not} 36. Qa8 $2 Rc8 $19) 36... Rxb8 37. Bxb8 Nd7 (37... Rc3 $17 38. Be5 Qc6) 38. Bf4 $11 b4 (38... Rc3 $5 {[%cal Rc3d3]} 39. Bxb5 Rc2+ 40. Re2 Qf5 $11) 39. Ra1 a6 40. Ra5 Qe6 41. Rb1 $1 Rb6 42. Rb3 $2 {[#]} (42. Bc7 $11 Rc6 43. Bf4) 42... Qc6 $1 $17 43. e4 $2 (43. Ke2 $17) 43... Qf6 $19 44. Ke3 (44. Bd2 $142 Qh4+ 45. Kg2) 44... g5 45. Bg3 {[#]} g4 $1 46. Bf4 (46. f4 $142 dxe4 47. Bxe4) (46. fxg4 Qh6+) 46... Qh4 47. Rb1 Qh3 48. Be2 dxe4 49. Rg5+ Kf8 50. Rc1 Re6 {[%cal Re4f3]} 51. Rc8+ Ke7 {[%cal Re4f3]} 52. Rg7+ Kf6 {[%cal Re4f3]} 53. Rxd7 {White wants to mate with Rf8+.} exf3+ 54. Be5+ Rxe5+ 55. dxe5+ Ke6 56. Rd6+ Kxe5 57. Rcc6 (57. Rdd8 $19 fxe2+ 58. Kxe2) 57... fxe2+ 58. Kxe2 {[%mdl 4096] Endgame KQ-KRR} g3 59. Rh6 Qg4+ 60. Ke3 Qf4+ 61. Kd3 Qe4+ (61... Kd5 $142 62. Rhf6 Qe5 63. Rxa6 Qe4+ 64. Kd2 g2) 62. Kd2 {Rce6+ is the strong threat.} Kf5 63. Rcf6+ Kg5 {Black mates.} 64. Re6 Qf5 65. Rxa6 g2 66. Rh8 Qd5+ 67. Ke2 {Precision: White = 41%, Black = 59%.} 0-1